[Event "Ille et Vilaine-ch 1112"]
[Site "Ile et Vilaine"]
[Date "2012.01.21"]
[Round "4.1"]
[White "Mulot, David"]
[Black "Dupitier, Mickael"]
[Result "0-1"]
[WhiteElo "1499"]
[BlackElo "1830"]
[PlyCount "81"]
[EventDate "2012.10.??"]
[EventType "swiss"]
[EventRounds "7"]
[EventCountry "FRA"]
[SourceTitle "EXT 2014"]
[Source "ChessBase"]
[SourceDate "2013.11.20"]
[SourceVersion "1"]
[SourceVersionDate "2013.11.20"]
[SourceQuality "1"]

1. Nf3 Nf6 2. d4 d5 3. e3 e6 4. Bd3 c5 5. c4 cxd4 6. Nxd4 e5 7. Ne2 dxc4 8. Qa4+ Nc6 9. Bxc4 Be7 10. 0-0 0-0 11. Rd1 Qc7 12. Nbc3 a6 13. Bd5 Bd7 14. Ne4 Nxd5 15. Rxd5 Be6 16. Rd1 Nb4 17. Ng5 Bxg5 18. Qxb4 Rfd8 19. Bd2 Be7 20. Qc3 Rac8 21. Qxc7 Rxc7 22. Ba5 Rxd1+ 23. Rxd1 Rc2 24. Nc1 Rxb2 25. Bc3 Rc2 26. Bxe5 f6 27. Ba1 Ba3 28. Nb3 Rxa2 29. Na5 b5 30. Nc6 Bb2 31. Bxb2 Rxb2 32. f4 Kf7 33. Nd8+ Ke7 34. Nb7 b4 35. Nd6 f5 36. Kf1 a5 37. Ra1 Rd2 38. Nb7 b3 39. Nxa5 b2 40. Ke1 b1Q+ 41. Kxd2 0-1

[Event "Ille et Vilaine-ch 1112"]
[Site "Ile et Vilaine"]
[Date "2011.12.03"]
[Round "3.1"]
[White "Mulot, David"]
[Black "Le Duigou, Jean Guy"]
[Result "1-0"]
[WhiteElo "1499"]
[BlackElo "2006"]
[PlyCount "59"]
[EventDate "2012.10.??"]
[EventType "swiss"]
[EventRounds "7"]
[EventCountry "FRA"]
[SourceTitle "EXT 2014"]
[Source "ChessBase"]
[SourceDate "2013.11.20"]
[SourceVersion "1"]
[SourceVersionDate "2013.11.20"]
[SourceQuality "1"]

1. Nf3 Nf6 2. d4 g6 3. c4 Bg7 4. Nc3 0-0 5. Bg5 h6 6. Bd2 c5 7. e3 d6 8. Qc2 Nc6 9. a3 Bg4 10. d5 Ne5 11. Nh4 Bc8 12. f4 Ned7 13. f5 g5 14. Nf3 Ne5 15. h4 Nxf3+ 16. gxf3 g4 17. Rg1 gxf3 18. e4 f2+ 19. Kxf2 Kh7 20. Qc1 h5 21. Be2 e6 22. Rg5 Bh6 23. Qh1 exf5 24. e5 Ng4+ 25. Bxg4 Bxg5 26. hxg5 fxg4 27. Qxh5+ Kg7 28. Qh6+ Kg8 29. Rh1 f5 30. Qh7# 1-0

[Event "Ille et Vilaine-ch 1112"]
[Site "Ile et Vilaine"]
[Date "2011.10.08"]
[Round "1.19"]
[White "Mulot, David"]
[Black "Brault, Maxime"]
[Result "1-0"]
[WhiteElo "1499"]
[BlackElo "1410"]
[PlyCount "68"]
[EventDate "2012.10.??"]
[EventType "swiss"]
[EventRounds "7"]
[EventCountry "FRA"]
[SourceTitle "EXT 2014"]
[Source "ChessBase"]
[SourceDate "2013.11.20"]
[SourceVersion "1"]
[SourceVersionDate "2013.11.20"]
[SourceQuality "1"]

1. d4 d5 2. Nf3 Nc6 3. g3 Nf6 4. Bg2 e6 5. 0-0 Bd6 6. Bg5 h6 7. Be3 Qe7 8. Nc3 Bd7 9. Nb5 Bb4 10. Nxc7+ Kd8 11. Nxa8 Ne4 12. Bf4 Ba5 13. c3 g5 14. Be3 f5 15. Qb3 Bc8 16. c4 Nb4 17. cxd5 Nxd5 18. Qa4 b6 19. Ne5 f4 20. Nc6+ Ke8 21. Nxe7+ Kxe7 22. gxf4 gxf4 23. Bxe4 Rg8+ 24. Kh1 fxe3 25. Bxd5 exd5 26. fxe3 Bg4 27. Rg1 h5 28. Nc7 Rg7 29. Nxd5+ Ke6 30. Nf4+ Kf5 31. Nxh5 Rg6 32. Qb5+ Ke4 33. Rxg4+ Rxg4 34. Nf6+ Kxe3 1-0